000 00535nam a2200217Ia 4500
003 OSt
005 20220928135615.0
006 a|||||r|||| 00| 0
007 ta
008 220927b |||||||| |||| 00| 0 eng d
024 _a3682
037 _cTextual
040 _aSDCL
_cSDCL
_beng
041 _2eng
_aeng
082 _aO-,1M19:g, C6
100 _aBurroughs John
_9491973
245 0 _aWhitman
_b A study
260 _c1896
942 _hO-,1M19:g, C6
_cTEXL
_2CC
999 _c807415
_d807415